000
00333nam a2200145Ia 4500
005
20250406065704.0
008
240331s9999 xx 000 0 und d
082
_b
SEL
_a
894
100
_a
Selvarajah, B.A
245
0
_a
Kaviri muthal maveli varai
260
_a
Hatton
_b
Bai
_c
1995
300
_a
28 p .,
650
_a
Poems
942
_c
L
999
_c
4207
_d
4207